Дело об отпуске комиссионеру Министерства Глазунову сборников постановлений и распоряжений по Министерству народного просвещения...

Доступно только в Электронных читальных залах Найти на картеНа карте
RUSMARC
00003743nmc2a22002413x 450
00167bef4a9-5aec-4f25-9d20-aec3d270c616
00520220112145354.0
100##$a20210813l18921897k l0rusy0189 ca
1010#$arus
102##$aRU
105##$ay###
1222#$ad
2001#$aДело об отпуске комиссионеру Министерства Глазунову сборников постановлений и распоряжений по Министерству народного просвещения для продажи означенных изданий
$j4 мая 1892 г. - 15 января 1897 г.
215##$a64 л.
$d36,5х26 см
251##$cДело
300##$aДело
371##$aДокумент не является опубликованным и широко распространяемым
461#0$1001a74412a3-3cc5-4d21-8f0a-dfe2fbd9e72d
$12001
$aДепартамент народного просвещения Министерства народного просвещения
$1251
$cФонд
$1852
$j733
462#0$1001b33464f2-4bc4-41e3-b4bc-525e855f0eb0
$12001
$aДела разряда общих дел Министерства народного просвещения
$1251
$cОпись
$1852
$j194
801#0$aRU
$bРГИА
$c20210813
$gRCR
801#1$aRU
$bГлавНИВЦ
$c20210813
$2rusmarc
801#2$aRU
$bПБ им. Б.Н. Ельцина
$c20220112
$gRCR
$2rusmarc
850##$aРГИА
852##$aРГИА
$eФедеральное казенное учреждение "Российский государственный исторический архив" (РГИА)
$j1348
937##$hРГИА
$d12369924
$aASBIBLIO_SCAN
035##$aRusGRCC00034715
856##$uhttp://readingroom.main.prlib.ru/item.aspx?id_node=n172448225&mode=full
Формат отображения